| 000 | 01884cam a2200565 4500 | ||
|---|---|---|---|
| 999 |
_c23917 _d23917 |
||
| 001 | vtls012062157 | ||
| 005 | 20250922091253.0 | ||
| 008 | 210716s2021 xo c gr 000 0dslo | ||
| 020 |
_a9788082113108 _q(brožované) |
||
| 040 |
_aSVKBB _bslo _cSVKBB _dSNK _erda |
||
| 041 | 1 |
_aslo _heng |
|
| 044 |
_axo _cSK |
||
| 072 | 7 |
_a2 _xNáboženstvo _2konspekt |
|
| 080 |
_a2-534.6 _22011 |
||
| 080 |
_a133.529 _22011 |
||
| 080 |
_a113 _22011 |
||
| 080 |
_a2-175 _22011 |
||
| 080 |
_a27-175 _22011 |
||
| 080 |
_a272-184.3 _22011 |
||
| 080 |
_a(0:82-32) _22011 |
||
| 080 |
_a(0:82-4) _22011 |
||
| 100 | 1 |
_aWatkins, Christine, _d1966- _4aut _94771 |
|
| 240 | 1 | 4 |
_aThe warning: testimonies and prophecies of the illumination of conscience _lSlovensky |
| 245 | 1 | 0 |
_aVarovanie _bsvedectvá a proroctvá o osvietení svedomia _cChristine Watkins ; preklad Pavol Petrík |
| 246 | 3 | 0 | _aSvedectvá a proroctvá o osvietení svedomia |
| 250 | _aVydanie 1. | ||
| 264 | 1 |
_a[Varín] _bZachej.sk _c2021 |
|
| 300 |
_a312 strán _bportréty _c21 cm |
||
| 336 |
_atext _btxt _2rdacontent |
||
| 337 |
_abez média _bn _2rdamedia |
||
| 338 |
_azväzok _bnc _2rdacarrier |
||
| 500 | _aPreložené z angličtiny | ||
| 500 | _aObsahuje biografické údaje o autorke | ||
| 500 | _aMiesto vydania podľa NA ISBN | ||
| 650 | 0 | 7 |
_aproroctvá _2SNKPH _94772 |
| 650 | 0 | 7 |
_akoniec sveta _2SNKPH _94773 |
| 650 | 0 | 7 |
_akatolícka viera _2SNKPH _94774 |
| 650 | 0 | 7 |
_aeschatológia _2SNKPH _94775 |
| 650 | 0 | 7 |
_aProphecies _2SNKPHeng _94776 |
| 650 | 0 | 7 |
_aEnd of the world _2SNKPHeng _94777 |
| 650 | 0 | 7 |
_aCatholic faith _2SNKPHeng _94778 |
| 650 | 0 | 7 |
_aEschatology _2SNKPHeng _94779 |
| 655 | 7 |
_apríbehy _2SNKPH _92455 |
|
| 655 | 7 |
_aúvahy _2SNKPH _91703 |
|
| 655 | 7 |
_aStories _2SNKPHeng _91706 |
|
| 655 | 7 |
_aEssays _2SNKPHeng _91704 |
|
| 700 | 1 |
_aPetrík, Pavol, _d1973- _4trl _94780 |
|
| 958 | _aNT | ||
| 958 | _aUP | ||